00974 2200313 4500001002100000005001500021035002000036007000300056008004100059020002200100082001600122084001800138100002700156245012200183250003500305300003000340650002500370700002600395504003400421264003100455336002100486337003000507338002300537040002200560090002200582850001200604999002200616990002200638INLIS00000000089526020250421101532 a0010-0425000509ta250421s2023 yoi g ind d a978-623-6299-88-304223a297.266 a297.266 KUS i0 aKusbaryantoePengarang10aIlmu kedokteran dan kesehatan Islam :btinjauan syariah, kesehatan, dan sejarah /cKusbaryanto; penyunting, M. Thoriq aCetakan Pertama, November 2023 axii, 132 halaman ;c24 cm 4aIslam dan kedokteran1 aThoriq, M.ePengarang aBibliografi : halaman 103-10431aBantul :bUMY Press,c2023 2rdacontentateks 2rdamediaatanpa perantara 2rdacarrieravolume aYOPDYOGbinderda aCB-D.11 2023-6158 aYOPDYOG aCB-D.11/2023-6158 aCB-D.11/2023-6158